| 000 | 00594nam a22001817a 4500 | ||
|---|---|---|---|
| 003 | CEME | ||
| 005 | 20210628203200.0 | ||
| 008 | 210203b xxu||||| |||| 00| 0 eng d | ||
| 020 | _a0792385438 | ||
| 040 | _c. | ||
| 082 | _a658.8342 MOW | ||
| 100 |
_aMowen, John C _963812 |
||
| 245 | _aThe 3m model of motivation and personality , theory and empirical applications to consumer behavior | ||
| 260 |
_aUSA _bKLUWER ACADEMIC PUBLISHERS _c1999 |
||
| 300 | _aXII, 314PXII, 314PXII, 314PXII, 314P | ||
| 650 |
_aMOTIVATION RESEARCH-MARKETING. , CONSUMER'S PREFERENCES. _963813 |
||
| 942 |
_cBK _2ddc |
||
| 999 |
_c572525 _d572525 |
||